000 00868nam a22002291i 4500
001 000030452
003 RuMoIPM
005 20260430111829.0
008 130417s1959----ur | c rus
040 _aRuMoIPM
_brus
_ercr
041 0 _arus
080 _a517.958
080 _a512
100 1 _aОнищенко, Михаил Несторович
245 1 _aЭквивалентность уравнений, их решение и исследование
_cМ. Н. Онищенко ; Под ред. И. Г. Яшанина
260 _aГорький
_bКн. изд-во
_c1959
300 _a123 с.
500 _aВ надзаг.: Горьк. гос. пед. ин-т им. А.М. Горького
500 _aПеред загл. авт.: М.Н. Онищенко, канд. пед. наук
700 1 _aЯшанин, И. Г.
_eред.
942 _cBK
999 _c30452
_d30452